| 000 | 00681nam a22002172a 4500 | ||
|---|---|---|---|
| 001 | 19182 | ||
| 003 | BD-RjUL | ||
| 005 | 20211209000409.0 | ||
| 008 | 140223s1929 enk 000 1 eng d | ||
| 035 |
_aOCLC ocm10389929 from D950905M _aBD-RjUL |
||
| 040 |
_aBUF _cBUF _dBD-RjUL _beng |
||
| 041 | _aeng | ||
| 082 |
_bGOP 1929 _2823 |
||
| 100 | 1 |
_aGolding, Louis, _d1895-1958. _959016 |
|
| 245 | 1 | 4 |
_aThe prince or somebody / _cby Louis Golding |
| 260 |
_aNewYork : _bAlfred A. Knopf, _c1929. |
||
| 300 |
_a265 p. ; _c20 cm |
||
| 500 | _aBound in blue-violet cloth over boards; stamped in brown-red on spine and rear cover | ||
| 650 |
_aEnglish fiction _990522 |
||
| 942 |
_2ddc _cBK |
||
| 999 |
_c19182 _d19182 |
||